The sacred canopy : (Record no. 19579)

MARC details
000 -LEADER
fixed length control field 01212pam a2200289 a 4500
001 - CONTROL NUMBER
control field 1526009
003 - CONTROL NUMBER IDENTIFIER
control field BDDh-ASL
005 - DATE AND TIME OF LATEST TRANSACTION
control field 20231015025805.0
008 - FIXED-LENGTH DATA ELEMENTS--GENERAL INFORMATION
fixed length control field 900315r19901967nyu b 001 0 eng
010 ## - LIBRARY OF CONGRESS CONTROL NUMBER
LC control number 90034844
020 ## - INTERNATIONAL STANDARD BOOK NUMBER
International Standard Book Number 0385073054 :
Terms of availability $8.95 ($10.95 Can.)
040 ## - CATALOGING SOURCE
Original cataloging agency DLC
Transcribing agency DLC
Modifying agency BDDh-ASL
050 00 - LIBRARY OF CONGRESS CALL NUMBER
Classification number BL60
Item number .B42 1990
082 00 - DEWEY DECIMAL CLASSIFICATION NUMBER
Classification number 306.6
Edition number 20
Item number BES
100 1# - MAIN ENTRY--PERSONAL NAME
Personal name Berger, Peter L.,
Dates associated with a name 1929-2017.
245 14 - TITLE STATEMENT
Title The sacred canopy :
Remainder of title elements of a sociological theory of religion /
Statement of responsibility, etc. Peter L. Berger.
260 ## - PUBLICATION, DISTRIBUTION, ETC.
Place of publication, distribution, etc. New York :
Name of publisher, distributor, etc. Anchor Books,
Date of publication, distribution, etc. 1990, c1967.
300 ## - PHYSICAL DESCRIPTION
Extent vii, 229 p. :
Dimensions 21 cm.
500 ## - GENERAL NOTE
General note Reprint. Originally published: Garden City, N.Y. : Doubleday, 1967.
504 ## - BIBLIOGRAPHY, ETC. NOTE
Bibliography, etc. note Includes bibliographical references (p. [187]-205) and indexes.
650 #0 - SUBJECT ADDED ENTRY--TOPICAL TERM
Topical term or geographic name entry element Religion and sociology.
856 42 - ELECTRONIC LOCATION AND ACCESS
Materials specified Publisher description
Uniform Resource Identifier <a href="http://www.loc.gov/catdir/description/random042/90034844.html">http://www.loc.gov/catdir/description/random042/90034844.html</a>
856 42 - ELECTRONIC LOCATION AND ACCESS
Materials specified Contributor biographical information
Uniform Resource Identifier <a href="https://www.loc.gov/catdir/enhancements/fy1702/90034844-b.html">https://www.loc.gov/catdir/enhancements/fy1702/90034844-b.html</a>
906 ## - LOCAL DATA ELEMENT F, LDF (RLIN)
a 7
b cbc
c orignew
d 1
e ocip
f 19
g y-gencatlg
942 ## - ADDED ENTRY ELEMENTS (KOHA)
Source of classification or shelving scheme Dewey Decimal Classification
Koha item type Books
Holdings
Withdrawn status Lost status Source of classification or shelving scheme Damaged status Not for loan Collection code Home library Current library Shelving location Date acquired Source of acquisition Total Checkouts Full call number Barcode Date last seen Copy number Price effective from Koha item type Public note
    Dewey Decimal Classification   Not For Loan Non-fiction Asiatic Society Library Asiatic Society Library Ludden Collection 12/13/2020 Donated by Prof. David Ludden   306.6 BES 102932 12/13/2020 C-1 12/13/2020 Books RARE

Powered by Koha